दिलीप प्रभावळकरांच्या एकांकिका (Record no. 101366)

MARC details
000 -LEADER
fixed length control field 00751nam a2200181Ia 4500
008 - FIXED-LENGTH DATA ELEMENTS--GENERAL INFORMATION
fixed length control field 090124s9999 xx 000 0 und d
082 ## - DEWEY DECIMAL CLASSIFICATION NUMBER
Item number 35246
100 ## - MAIN ENTRY--PERSONAL NAME
Personal name प्रभावळकर दिलीप
245 ## - TITLE STATEMENT
Title दिलीप प्रभावळकरांच्या एकांकिका
250 ## - EDITION STATEMENT
Edition statement 0
260 ## - PUBLICATION, DISTRIBUTION, ETC. (IMPRINT)
Name of publisher, distributor, etc भारद्वाज प्रकाशन
Date of publication, distribution, etc 1998
300 ## - PHYSICAL DESCRIPTION
Extent 51
600 ## - SUBJECT ADDED ENTRY--PERSONAL NAME
Personal name प्रभावळकर दिलीप
630 ## - SUBJECT ADDED ENTRY--UNIFORM TITLE
Uniform title दिलीप प्रभावळकरांच्या एकांकिका
700 ## - ADDED ENTRY--PERSONAL NAME
Personal name प्रभावळकर दिलीप
730 ## - ADDED ENTRY--UNIFORM TITLE
Uniform title दिलीप प्रभावळकरांच्या एकांकिका
942 ## - ADDED ENTRY ELEMENTS (KOHA)
Koha item type Book
Holdings
Withdrawn status Lost status Damaged status Not for loan Home library Current library Date acquired Cost, normal purchase price Total Checkouts Full call number Barcode Date last seen Cost, replacement price Price effective from Koha item type
        Nagar Wachan Mandir, Thane Nagar Wachan Mandir, Thane   30.00   35246 THNNWM-35246 01/24/2009 30.00 01/24/2009 Book